000 00932cam a2200169ua 4500
041 _amal
_h
082 _a633.8952
_bRUB/RU
110 1 _aRubber Plantation Department .
_b
_c(Government of Kerala )
245 _aRubber krishi /
_cRubber Plantation Department.
_hTextual Documents
260 _aKerala :
_bRubber Plantation Department ,
_c1962.
300 _a45 ; .
504 _a
942 _cBK
999 _c4654
_d4654